Občanský a společenskovědní základ. Ekonomie /

Hlavní autor: Bellová, Jana, 1981-
Další autoři: Zlámal, Jaroslav, 1947-, Mendl, Zdeněk, Navrátilová, Petra, 1983-
Jazyk: Čeština
Vydáno: Prostějov : Computer Media, 2019
Vydání: Aktualizované 3. vydání
Témata:
Fyzický popis: 112 stran : ilustrace (převážně barevné), portréty ; 30 cm
Knihy
Uloženo v:
LEADER 01668cam a2200445 i 4500
001 nkc20193156698
003 CZ PrNK
005 20201008110256.0
007 ta
008 191003s2019 xr ac e p 000 0 cze d
015 |a cnb003156698 
020 |a 978-80-7402-279-1  |q (brožováno) 
035 |a (OCoLC)1143791997 
040 |a KLG001  |b cze  |d ABA001  |e rda 
072 7 |a 33  |x Ekonomie  |2 Konspekt  |9 4 
072 7 |a 37.016  |x Učební osnovy. Vyučovací předměty. Učebnice  |2 Konspekt  |9 22 
080 |a 33  |2 MRF 
080 |a (075.3)  |2 MRF 
100 1 |a Bellová, Jana,  |d 1981-  |7 mzk2005313080  |4 aut 
245 1 0 |a Občanský a společenskovědní základ.  |p Ekonomie /  |c Jana Bellová, Jaroslav Zlámal, Zdeněk Mendl, Petra Navrátilová 
246 3 0 |a Ekonomie 
250 |a Aktualizované 3. vydání 
264 1 |a Prostějov :  |b Computer Media,  |c 2019 
300 |a 112 stran :  |b ilustrace (převážně barevné), portréty ;  |c 30 cm 
336 |a text  |b txt  |2 rdacontent 
337 |a bez média  |b n  |2 rdamedia 
338 |a svazek  |b nc  |2 rdacarrier 
504 |a Obsahuje bibliografii a bibliografické odkazy 
650 0 7 |a ekonomie  |7 ph114430  |2 czenas 
650 0 9 |a economics  |2 eczenas 
655 7 |a učebnice středních škol  |7 fd133771  |2 czenas 
655 9 |a textbooks (secondary)  |2 eczenas 
700 1 |a Zlámal, Jaroslav,  |d 1947-  |7 jn20010309444  |4 aut 
700 1 |a Mendl, Zdeněk  |7 xx0071436  |4 aut 
700 1 |a Navrátilová, Petra,  |d 1983-  |7 mzk2008463895  |4 aut 
910 2 |a BOA001  |b 4-1454.783 
920 |a 1255830  |z KLG001 
990 |a BK 
995 |a 01 
996 6 |b 2610842079  |c 4-1454.783  |l MZK  |r Sklad / do 1 hodiny  |n 2  |p p.v.  |w 001831033  |u 000010  |a 1  |e BOA001  |j MZK50  |s P